| 000 | 00000nam 2200000zi 4500 |
| 001 | 9.937169 |
| 003 | CaOODSP |
| 005 | 20240419112925 |
| 006 | m o d f |
| 007 | cr |n||||||||| |
| 008 | 240419s1984 onca o f000 0 fre d |
| 040 | |aCaOODSP|bfre|erda|cCaOODSP |
| 043 | |an-cn--- |
| 086 | 1 |aId31-51/1984F-PDF |
| 245 | 00|aMoi, je veux être designer. |
| 264 | 1|a[Ottawa] : |bGouvernement du Canada, Expansion industrielle régionale = Government of Canada, Regional Industrial Expansion, |c[1984?] |
| 300 | |a1 ressource en ligne (20 pages) : |billustrations en couleur |
| 336 | |atexte|btxt|2rdacontent/fre |
| 337 | |ainformatique|bc|2rdamedia/fre |
| 338 | |aressource en ligne|bcr|2rdacarrier/fre |
| 500 | |aPublié aussi en anglais sous le titre : I think I want to be a designer. |
| 500 | |aÉdition numérisée de l'imprimé [par Innovation, Sciences et Développement économique Canada]. |
| 650 | 6|aDesign|xÉtude et enseignement|zCanada. |
| 650 | 6|aDesigners|zCanada. |
| 710 | 1 |aCanada. |bMinistère de l'expansion industrielle régionale, |eorganisme de publication. |
| 775 | 08|tI think I want to be a designer.|w(CaOODSP)9.937167 |
| 856 | 40|qPDF|s2.01 Mo|uhttps://publications.gc.ca/collections/collection_2024/isde-ised/Id31-51-1984-fra.pdf |